| 000 | 00529nam a22001817a 4500 | ||
|---|---|---|---|
| 003 | OSt | ||
| 005 | 20180116183104.0 | ||
| 008 | 170726b xxu||||| |||| 00| 0 eng d | ||
| 020 | _a0 | ||
| 040 | _c0 | ||
| 082 | _a005.75 PAS 2000 | ||
| 100 | _aBarbara Ann Pascavage | ||
| 245 |
_aOracle8 DBA: Network Administration _bOracle Certified Professional _cBarbara Ann Pascavage |
||
| 260 |
_aNew Delhi India _bdreamtech Presss _c2000 |
||
| 300 |
_a337p. _bpb. |
||
| 440 | _aOracle8 DBA: Network Administration | ||
| 942 |
_2ddc _cBK |
||
| 999 |
_c351988 _d351988 |
||